|
|
|
|
| LEADER |
00875nam a2200277 4500 |
| 001 |
DLU090067022 |
| 005 |
##20090424 |
| 040 |
# |
# |
|a DLU
|b eng
|
| 041 |
# |
# |
|a eng
|
| 044 |
# |
# |
|a US
|
| 100 |
# |
# |
|a Bolnick, Daniel I.
|
| 245 |
# |
# |
|a Sympatric speciation : models and empirical evidence /
|c Daniel I. Bolnick, Benjamin M. Fitzpatrick.
|
| 653 |
# |
# |
|a Assortative mating
|
| 653 |
# |
# |
|a Disruptive selection
|
| 653 |
# |
# |
|a Reinforcement reproductive isolation
|
| 700 |
# |
# |
|a Fitzpatrick, Benjamin M.
|
| 773 |
# |
# |
|t Annual Review of Ecology, Evolution, and Systematics
|g Vol. 38 (2007), p. 459-487
|
| 920 |
# |
# |
|a Phòng Tạp chí -- Trung tâm Thông tin - Thư viện Trường Đại học Đà Lạt
|
| 994 |
# |
# |
|a DLU
|
| 900 |
# |
# |
|a True
|
| 911 |
# |
# |
|a Trương Bảo Trâm Anh
|
| 925 |
# |
# |
|a G
|
| 926 |
# |
# |
|a A
|
| 927 |
# |
# |
|a BB
|
| 980 |
# |
# |
|a Thư viện Trường Đại học Đà Lạt
|